000 00287nam a22001217a 4500
003 SGT
082 _a511.3,GER
100 _aGERSTINE JUDITH
245 _aMATHEMATICAL STRUCTURES FOR COMPUTER SCINCE
260 _bFREEMAN AND COMPANY PUB.
_c2002
300 _a730
942 _2ddc
_cGF BOOKS
999 _c34428
_d34428